000 00914nam a22003137a 4500
001 0014559
003 KOHA_MİRAKIL
005 20260207001959.0
007 ta
008 100304b1994 tu |||gr||||#||||0|tur |
020 _a9755550127
040 _aTR-BiSEU
_btur
_cTR-BiSEU
_erda
041 0 _atur
044 _ctu
050 _aK231
_b.K63 1994
100 1 _aKocaman, Arif B.
245 1 _aTemel hukuk bilgisi/
_cArif B Kocaman ; Arif B. Kocaman.
264 1 _aAnkara :
_bTÜRMOB
_c1994
300 _a172 sayfa; 19 cm.
336 _ametin
_btxt
_2rdacontent
337 _aaracısız
_bn
_2rdamedia
338 _acilt
_bnc
_2rdacarrier
490 1 _aTemel Eğitim ve Staj Merkezi yayınları no ;
_v5.
500 _aKaynakça var.
650 0 _aHukuk--Türkiye.
_94192
650 0 _aLaw--Turkey.
_94193
830 1 _aTemel Eğitim ve Staj Merkezi yayınları no ;
_v5.
_933958
942 _2lcc
_cBK
999 _c14522
_d14522